00393nam a2200121Ia 4500008004100000100001800041245005100059245001900110260000900129856004100138999001900179952007300198160531s9999 xx 000 0 und d aAuckly, Dave. aTriangles, Rotation, a Theorem and the Jackpot cby Dave Auckly c2013 uhttp://arxiv.org/pdf/1301.0352v1.pdf c295129d295129 001040aCLbCLd2016-05-31l0r2016-05-31 00:00:00w2016-05-31yCBE